[Event "Pan American-ch Seniors 65"]
[Site "Lima"]
[Date "2023.04.27"]
[Round "2"]
[White "Retamozo, Henry"]
[Black "Okamura, Milton Kasuo"]
[Result "1-0"]
[WhiteElo "2053"]
[BlackElo "1995"]
[PlyCount "65"]
[EventDate "2023.04.26"]
[EventType "swiss"]
[EventRounds "9"]
[EventCountry "PER"]
[SourceTitle "CBM 214 Extra"]
[Source "ChessBase"]
[SourceDate "2023.07.31"]
[SourceVersion "1"]
[SourceVersionDate "2023.07.31"]
[SourceQuality "1"]

1. c4 e5 2. g3 Nf6 3. Bg2 d5 4. cxd5 Nxd5 5. Nc3 Nb6 6. d3 Be7 7. Nf3 Nc6 8. a3 a5 9. Be3 0-0 10. 0-0 Be6 11. Na4 f5 12. Nc5 Bd5 13. Rc1 f4 14. Bd2 Bxc5 15. Rxc5 Qd6 16. Rc1 a4 17. Qe1 Rae8 18. Bb4 Nxb4 19. Qxb4 Qxb4 20. axb4 c6 21. Nd2 Rd8 22. Rc5 Bxg2 23. Kxg2 Rd5 24. Rfc1 h6 25. b5 Rxc5 26. Rxc5 Nd7 27. Rc4 Nb6 28. Re4 fxg3 29. hxg3 cxb5 30. Rxe5 Rc8 31. Rxb5 Rc2 32. Rxb6 Rxd2 33. Kf3 1-0

[Event "Lima op 7th"]
[Site "Lima"]
[Date "2012.08.02"]
[Round "5"]
[White "Lovera, Victor"]
[Black "Retamozo, Henry"]
[Result "1-0"]
[WhiteElo "1943"]
[BlackElo "2127"]
[PlyCount "89"]
[EventDate "2012.07.31"]
[EventType "swiss"]
[EventRounds "7"]
[EventCountry "PER"]
[SourceTitle "EXT 2013"]
[Source "ChessBase"]
[SourceDate "2012.11.22"]
[SourceVersion "1"]
[SourceVersionDate "2012.11.22"]
[SourceQuality "1"]

1. d4 Nf6 2. Nf3 e6 3. c4 b6 4. Nc3 Bb4 5. Bg5 h6 6. Bh4 Bb7 7. e3 g5 8. Bg3 Ne4 9. Rc1 Bxc3+ 10. bxc3 d6 11. Bd3 Nd7 12. 0-0 f5 13. Nd2 Nxd2 14. Qxd2 Qf6 15. f3 0-0-0 16. a4 a5 17. Qe2 e5 18. Rb1 Rhe8 19. Qc2 f4 20. Bf2 exd4 21. exd4 g4 22. fxg4 Qg5 23. Bf5 Kb8 24. Rb5 Nf6 25. Bc8 Be4 26. Qd2 d5 27. Bf5 Bxf5 28. gxf5 Ne4 29. Qb2 Nd6 30. Rxd5 f3 31. g3 Nxc4 32. Rxd8+ Rxd8 33. Qc1 Qxf5 34. Qxh6 Re8 35. Qf4 Qd3 36. h4 Re4 37. Qf8+ Kb7 38. Qf7 Nd6 39. Qd5+ Kb8 40. c4 Nxc4 41. Qd8+ Kb7 42. Qd5+ Kc8 43. Rc1 Ne5 44. Qa8+ Kd7 45. dxe5 1-0

[Event "Lima Morales Memorial op 2nd"]
[Site "Lima"]
[Date "2012.01.28"]
[Round "7"]
[White "Retamozo, Henry"]
[Black "Aliaga Salinas, Rafael"]
[Result "1-0"]
[WhiteElo "2144"]
[BlackElo "1966"]
[PlyCount "77"]
[EventDate "2012.01.21"]
[EventType "swiss"]
[EventRounds "9"]
[EventCountry "PER"]
[SourceTitle "EXT 2014"]
[Source "ChessBase"]
[SourceDate "2013.11.20"]
[SourceVersion "1"]
[SourceVersionDate "2013.11.20"]
[SourceQuality "1"]

1. c4 Nf6 2. g3 e6 3. Bg2 d5 4. Nf3 Be7 5. 0-0 b6 6. Qa4+ c6 7. d4 0-0 8. Ne5 b5 9. cxb5 cxb5 10. Qb3 Qb6 11. Nc3 b4 12. Na4 Qxd4 13. Bf4 a5 14. Rfd1 Qa7 15. Rac1 Ba6 16. e4 d4 17. Nxf7 Kxf7 18. Rc7 Be2 19. Rd2 Qa6 20. e5 Nfd7 21. Bb7 Qb5 22. Bxa8 g5 23. Rxd4 gxf4 24. Rxf4+ Kg7 25. Qxe6 Rxf4 26. gxf4 Bd8 27. Bc6 Qc4 28. Rxd7+ Nxd7 29. Qxc4 Bxc4 30. Bxd7 Bxa2 31. Kg2 Bd5+ 32. Kg3 Be4 33. f5 Bg5 34. f4 Bd8 35. Nc5 Bd5 36. Ne6+ Bxe6 37. fxe6 Kf8 38. Kf3 Ke7 39. f5 1-0

[Event "Callao op"]
[Site "Callao"]
[Date "2007.08.10"]
[Round "3"]
[White "Lujan, Carolina"]
[Black "Retamozo, Henry"]
[Result "1/2-1/2"]
[WhiteElo "2394"]
[BlackElo "2235"]
[PlyCount "61"]
[EventDate "2007.08.08"]
[EventType "swiss"]
[EventRounds "9"]
[EventCountry "PER"]
[SourceTitle "CBM 119 Extra"]
[Source "ChessBase"]
[SourceDate "2007.09.04"]
[SourceVersion "1"]
[SourceVersionDate "2007.09.04"]
[SourceQuality "1"]

1. e4 e5 2. Nf3 Nc6 3. Bb5 a6 4. Ba4 Nf6 5. 0-0 b5 6. Bb3 Be7 7. Re1 0-0 8. h3 d6 9. c3 Na5 10. Bc2 c5 11. d4 Qc7 12. d5 c4 13. Nbd2 Bd7 14. Nf1 Rfb8 15. Ng3 b4 16. Nf5 Bxf5 17. exf5 b3 18. Be4 bxa2 19. Nh2 Nb3 20. Rxa2 Nxc1 21. Qxc1 Rb5 22. Ng4 Nxg4 23. hxg4 h6 24. g3 Qb6 25. Re2 Bg5 26. Qf1 a5 27. Ra4 Rc8 28. Rc2 Qc5 29. Kg2 Kf8 30. Qe2 Rc7 31. Qf1 1/2-1/2

[Event "Callao op"]
[Site "Callao"]
[Date "2007.08.09"]
[Round "2"]
[White "Fernandez, Daniel"]
[Black "Retamozo, Henry"]
[Result "0-1"]
[WhiteElo "2447"]
[BlackElo "2235"]
[PlyCount "72"]
[EventDate "2007.08.08"]
[EventType "swiss"]
[EventRounds "9"]
[EventCountry "PER"]
[SourceTitle "CBM 119 Extra"]
[Source "ChessBase"]
[SourceDate "2007.09.04"]
[SourceVersion "1"]
[SourceVersionDate "2007.09.04"]
[SourceQuality "1"]

1. e4 c5 2. Nc3 Nc6 3. f4 g6 4. Nf3 Bg7 5. Bc4 d6 6. 0-0 Nf6 7. Qe1 e6 8. f5 0-0 9. fxg6 hxg6 10. d3 d5 11. Bb3 b5 12. exd5 exd5 13. Nxb5 Qb6 14. c4 Bf5 15. Ng5 Rfe8 16. Qh4 Ne5 17. Bf4 Bxd3 18. Rfe1 dxc4 19. Ba4 c3 20. Nxc3 c4+ 21. Kh1 Neg4 22. h3 Rxe1+ 23. Rxe1 Nh6 24. Qg3 Qxb2 25. Qf3 Rf8 26. Be5 Qd2 27. Qe3 Qxe3 28. Rxe3 Nf5 29. Rf3 Nh7 30. Bxg7 Kxg7 31. Nxh7 Kxh7 32. g4 Nd4 33. Rf6 Ne6 34. Rf2 Kg7 35. Rb2 Nf4 36. Rb7 Ne2 0-1

[Event "Lima Univ San Marcos 2nd"]
[Site "Lima"]
[Date "2007.04.03"]
[Round "4"]
[White "Sanes, Vladimir"]
[Black "Retamozo, Henry"]
[Result "1/2-1/2"]
[WhiteElo "2213"]
[BlackElo "2263"]
[PlyCount "49"]
[EventDate "2007.03.29"]
[EventType "swiss"]
[EventRounds "7"]
[EventCountry "PER"]
[SourceTitle "CBM 117 Extra"]
[Source "ChessBase"]
[SourceDate "2007.05.09"]
[SourceVersion "1"]
[SourceVersionDate "2007.05.09"]
[SourceQuality "1"]

1. d4 Nf6 2. Nf3 g6 3. g3 Bg7 4. Bg2 0-0 5. 0-0 d6 6. c4 Nc6 7. Nc3 a6 8. h3 Rb8 9. d5 Na5 10. Qd3 c5 11. dxc6 Be6 12. c7 Qxc7 13. Nd5 Nxd5 14. cxd5 Bf5 15. e4 Bd7 16. Nd4 Qc4 17. Qxc4 Nxc4 18. Rd1 b5 19. b3 Nb6 20. Bg5 Rfe8 21. Rac1 Rbc8 22. Be3 Na8 23. f4 e6 24. dxe6 fxe6 25. Nf3 1/2-1/2

[Event "Lima olm qual"]
[Site "Lima"]
[Date "2006.04.02"]
[Round "3"]
[White "Oblitas Guerrero, Carlomagno"]
[Black "Retamozo, Henry"]
[Result "1/2-1/2"]
[WhiteElo "2398"]
[BlackElo "2235"]
[PlyCount "89"]
[EventDate "2006.04.01"]
[EventType "tourn"]
[EventRounds "9"]
[EventCountry "PER"]
[EventCategory "2"]
[SourceTitle "CBM 111 Extra"]
[Source "ChessBase"]
[SourceDate "2006.05.09"]
[SourceVersion "1"]
[SourceVersionDate "2006.05.09"]
[SourceQuality "1"]

1. e4 c5 2. Nf3 Nc6 3. c3 d5 4. exd5 Qxd5 5. d4 Bg4 6. Be2 cxd4 7. cxd4 e6 8. h3 Bh5 9. Nc3 Bb4 10. 0-0 Bxc3 11. bxc3 Nge7 12. a4 0-0 13. Rb1 Bg6 14. Rxb7 Rab8 15. Rb5 Qa2 16. Bf4 Nd5 17. Bd2 Bc2 18. Qa1 Qxa4 19. Rc5 Rfc8 20. Qxa4 Bxa4 21. Ra1 Bc2 22. Ba6 Rc7 23. Bc4 Rd8 24. Ra6 Nde7 25. Bg5 Rdc8 26. Bb5 f6 27. Bf4 Rb7 28. Bc4 Bb3 29. Bxb3 Rxb3 30. Bd6 Rb6 31. Rxb6 axb6 32. Rb5 Nd5 33. c4 Nc3 34. Rxb6 Ne2+ 35. Kf1 Ncxd4 36. Nxd4 Nxd4 37. c5 Kf7 38. Rb7+ Kg6 39. g4 e5 40. Rb6 Nc6 41. Rb7 Nd4 42. h4 h5 43. gxh5+ Kxh5 44. Rxg7 Ne6 45. Rh7+ 1/2-1/2

[Event "Huacho op 2nd"]
[Site "Huacho"]
[Date "2004.09.19"]
[Round "9"]
[White "Cordova, Emilio"]
[Black "Retamozo, Henry"]
[Result "1-0"]
[WhiteElo "2333"]
[BlackElo "2235"]
[PlyCount "101"]
[EventDate "2004.09.15"]
[EventType "swiss"]
[EventRounds "9"]
[EventCountry "PER"]
[SourceTitle "CBM 102 Extra"]
[Source "ChessBase"]
[SourceDate "2004.11.03"]
[SourceVersion "1"]
[SourceVersionDate "2004.11.03"]
[SourceQuality "1"]

1. d4 Nf6 2. Nf3 d5 3. c4 c6 4. Nc3 g6 5. Bf4 dxc4 6. a4 Bg7 7. e4 Bg4 8. Bxc4 Bxf3 9. gxf3 0-0 10. Qd2 Nbd7 11. Rd1 Nh5 12. Be3 e5 13. dxe5 Nxe5 14. Be2 Qh4 15. h3 Rfd8 16. Qc1 Rxd1+ 17. Kxd1 Nd7 18. Kc2 Nf8 19. f4 Ne6 20. Bg4 Re8 21. f5 Nd4+ 22. Kb1 Nb3 23. Qd1 Nf6 24. Rg1 Na5 25. e5 Nxg4 26. Rxg4 Qxh3 27. Qd7 Rxe5 28. Qc8+ Bf8 29. fxg6 Qh1+ 30. Ka2 hxg6 31. Rd4 g5 32. Rd8 Qh6 33. Bd4 Qe6+ 34. Qxe6 Rxe6 35. Bc5 Nc4 36. Bxf8 Kh7 37. Rd7 Kg8 38. Be7 g4 39. Rxb7 a5 40. Bg5 Kg7 41. Kb3 Nd6 42. Ra7 Kg6 43. Bf4 Ne4 44. Nxe4 Rxe4 45. Bg3 f5 46. Rxa5 f4 47. Bh4 g3 48. fxg3 fxg3 49. Bxg3 Re3+ 50. Kb4 Rxg3 51. Rc5 1-0

[Event "PER-ch"]
[Site "Lima"]
[Date "2004.03.11"]
[Round "5.2"]
[White "Retamozo, Henry"]
[Black "Oblitas Guerrero, Carlomagno"]
[Result "0-1"]
[WhiteElo "2228"]
[BlackElo "2387"]
[PlyCount "124"]
[EventDate "2004.03.05"]
[EventType "k.o."]
[EventRounds "8"]
[EventCountry "PER"]
[SourceTitle "CBM 099 Extra"]
[Source "ChessBase"]
[SourceDate "2004.05.04"]
[SourceVersion "1"]
[SourceVersionDate "2004.05.04"]
[SourceQuality "1"]

1. c4 c6 2. Nf3 d5 3. b3 Nf6 4. Bb2 Bg4 5. e3 e6 6. h3 Bh5 7. Be2 Nbd7 8. d3 Bb4+ 9. Kf1 Qe7 10. a3 Bd6 11. g4 Bg6 12. Rg1 h6 13. Nc3 Nh7 14. h4 Nhf6 15. h5 Bh7 16. g5 hxg5 17. Rxg5 Bf5 18. cxd5 Bh3+ 19. Ke1 exd5 20. Nd4 Be5 21. Nf3 Bd6 22. Ng1 Be6 23. Rxg7 0-0-0 24. d4 Rdg8 25. Rxg8+ Rxg8 26. Kd2 Ng4 27. Qf1 Qg5 28. b4 Qxh5 29. b5 c5 30. b6 axb6 31. Nb5 Bb8 32. Nf3 Ndf6 33. Nc3 Qf5 34. Rc1 c4 35. Rc2 b5 36. Kc1 Ne4 37. Nxe4 Qxe4 38. Qe1 Bf5 39. Bd1 Qe7 40. Rc3 Bc7 41. Bc2 Be4 42. Bxe4 Qxe4 43. Nd2 Qg2 44. f3 Nf2 45. Kb1 Nd3 46. Rxd3 cxd3 47. Qc1 Qg1 48. Nb3 Qxc1+ 49. Bxc1 Rg2 50. Bd2 Bd6 51. Kb2 b4 52. a4 f5 53. f4 Kd7 54. Kc1 b6 55. a5 bxa5 56. Nxa5 Kc7 57. Nb3 Kc6 58. Kb2 Kb5 59. Ka2 Be7 60. Kb2 Bh4 61. Kc1 Rg1+ 62. Kb2 Be1 0-1

[Event "PER-ch"]
[Site "Lima"]
[Date "2004.03.08"]
[Round "4.2"]
[White "Retamozo, Henry"]
[Black "Zapata, David"]
[Result "1-0"]
[WhiteElo "2228"]
[BlackElo "2153"]
[PlyCount "55"]
[EventDate "2004.03.05"]
[EventType "k.o."]
[EventRounds "8"]
[EventCountry "PER"]
[SourceTitle "CBM 099 Extra"]
[Source "ChessBase"]
[SourceDate "2004.05.04"]
[SourceVersion "1"]
[SourceVersionDate "2004.05.04"]
[SourceQuality "1"]

1. c4 c5 2. Nc3 b6 3. Nf3 Bb7 4. g3 Nf6 5. Bg2 e6 6. 0-0 Be7 7. b3 0-0 8. d4 cxd4 9. Nxd4 Bxg2 10. Kxg2 d6 11. Qd3 a6 12. Rd1 Ra7 13. Ba3 Rd7 14. Qf3 Qc7 15. Rd2 Rfd8 16. Rad1 Bf8 17. Rc2 Rc8 18. e4 Nc6 19. Nxc6 Qxc6 20. Bb2 b5 21. cxb5 axb5 22. Rdc1 Qb7 23. Nd5 exd5 24. Rxc8 dxe4 25. Qf5 Nd5 26. Bxg7 e3 27. Kh3 Ne7 28. Rxf8+ 1-0

[Event "PER-ch"]
[Site "Lima"]
[Date "2004.03.07"]
[Round "3.2"]
[White "Cornejo, Max"]
[Black "Retamozo, Henry"]
[Result "0-1"]
[WhiteElo "2185"]
[BlackElo "2228"]
[PlyCount "80"]
[EventDate "2004.03.05"]
[EventType "k.o."]
[EventRounds "8"]
[EventCountry "PER"]
[SourceTitle "CBM 099 Extra"]
[Source "ChessBase"]
[SourceDate "2004.05.04"]
[SourceVersion "1"]
[SourceVersionDate "2004.05.04"]
[SourceQuality "1"]

1. e4 c5 2. Nf3 Nc6 3. d4 cxd4 4. Nxd4 Nf6 5. Nc3 d6 6. Be2 g6 7. 0-0 Bg7 8. Nb3 0-0 9. Re1 Rb8 10. Bf1 Bg4 11. f3 Be6 12. Kh1 a6 13. Bg5 h6 14. Bh4 b5 15. f4 Nh7 16. Rb1 g5 17. Bg3 Qc8 18. f5 Bc4 19. Nd2 Bxf1 20. Nxf1 Nf6 21. h4 b4 22. Nd5 Nxd5 23. exd5 Ne5 24. Ne3 Nc4 25. hxg5 hxg5 26. Nxc4 Qxc4 27. Rxe7 Rb5 28. Qh5 Bf6 29. Rd7 Rxd5 30. Rxd6 Rxd6 31. Bxd6 Qxc2 32. Qd1 Qxd1+ 33. Rxd1 Rd8 34. Rd2 a5 35. a3 b3 36. g4 Be7 37. Bxe7 Rxd2 38. Bf6 Kf8 39. Kg1 Ke8 40. Kf1 Kd7 0-1

[Event "PER-ch"]
[Site "Lima"]
[Date "2004.03.05"]
[Round "1.1"]
[White "Retamozo, Henry"]
[Black "Canaza, Richard"]
[Result "1-0"]
[WhiteElo "2228"]
[BlackElo "2093"]
[PlyCount "118"]
[EventDate "2004.03.05"]
[EventType "k.o."]
[EventRounds "8"]
[EventCountry "PER"]
[SourceTitle "CBM 099 Extra"]
[Source "ChessBase"]
[SourceDate "2004.05.04"]
[SourceVersion "1"]
[SourceVersionDate "2004.05.04"]
[SourceQuality "1"]

1. c4 c5 2. Nf3 Nf6 3. Nc3 Nc6 4. d4 cxd4 5. Nxd4 e6 6. g3 Bc5 7. Nb3 Bb4 8. Bg2 d5 9. cxd5 Nxd5 10. Bd2 Nxc3 11. bxc3 Be7 12. 0-0 e5 13. c4 Be6 14. Rc1 0-0 15. Qc2 Qc7 16. Bd5 Ba3 17. Rb1 Bh3 18. Rfd1 Rac8 19. Qe4 b6 20. Qh4 Bf5 21. e4 Bd7 22. Bg5 Kh8 23. Qh5 Be8 24. Bc1 Bxc1 25. Rbxc1 f5 26. Qh4 f4 27. c5 b5 28. Be6 Rb8 29. Rd6 a5 30. Bf5 g6 31. Bg4 a4 32. Nd2 Nd4 33. Qg5 Qg7 34. c6 Bxc6 35. Rcxc6 Nxc6 36. Rxc6 fxg3 37. hxg3 b4 38. Be6 Qf6 39. Qe3 Qd8 40. Bd5 Rf6 41. Qc5 Rxc6 42. Qxc6 Qb6 43. Qxb6 Rxb6 44. Kf1 b3 45. a3 Kg7 46. Ke2 h5 47. Nb1 g5 48. Nc3 b2 49. Ba2 h4 50. gxh4 gxh4 51. Kf3 Rf6+ 52. Kg2 h3+ 53. Kg3 h2 54. Kxh2 Rxf2+ 55. Kg3 Rf1 56. Nb1 Kf6 57. Kg2 Rc1 58. Kf2 Kg5 59. Ke3 Kg4 1-0

[Event "Lima olympic qual"]
[Site "Lima"]
[Date "2004.??.??"]
[Round "?"]
[White "Esplana, Christian"]
[Black "Retamozo, Henry"]
[Result "0-1"]
[WhiteElo "2343"]
[BlackElo "2236"]
[PlyCount "128"]
[EventDate "2004.??.??"]
[EventType "tourn"]
[EventRounds "8"]
[EventCountry "PER"]
[SourceTitle "EXT 2007"]
[Source "ChessBase"]
[SourceDate "2006.11.23"]
[SourceVersion "1"]
[SourceVersionDate "2006.11.23"]
[SourceQuality "1"]

1. e4 c5 2. Nf3 d6 3. Nc3 a6 4. d4 cxd4 5. Nxd4 Nf6 6. Bc4 e6 7. Bb3 Be7 8. 0-0 Nc6 9. Kh1 0-0 10. f4 Nxd4 11. Qxd4 b5 12. Be3 Rb8 13. Rad1 b4 14. Na4 Bb7 15. e5 dxe5 16. fxe5 Nd5 17. Bxd5 Qxd5 18. Qxd5 Bxd5 19. Nb6 Bc6 20. Nd7 Bxd7 21. Rxd7 Rfe8 22. Rfd1 Rbc8 23. R1d2 Bc5 24. Bf4 h6 25. h4 Rc6 26. Rb7 Bf8 27. b3 Rec8 28. Ra7 Bc5 29. Rb7 Bf8 30. Ra7 Rxc2 31. Rxc2 Rxc2 32. Rxa6 Be7 33. h5 Rf2 34. g3 Bc5 35. Ra5 Rc2 36. Ra8+ Kh7 37. Rc8 Rc3 38. Rc7 Bf2 39. Rxf7 Bxg3 40. Bxg3 Rxg3 41. Rb7 Rh3+ 42. Kg2 Rxh5 43. Rxb4 Rxe5 44. a4 g5 45. Rb5 Re2+ 46. Kf3 Ra2 47. a5 Kg6 48. b4 h5 49. Rb6 Kf5 50. a6 e5 51. b5 e4+ 52. Ke3 Ra3+ 53. Ke2 h4 54. Rb7 h3 55. Rh7 g4 56. a7 Ra2+ 57. Ke3 h2 58. Rf7+ Ke6 59. Rh7 g3 60. Kxe4 g2 61. Rh6+ Kd7 62. Rxh2 g1Q 63. Rb2 Qg6+ 64. Kd5 Qe6+ 0-1

[Event "Lima olympic qual"]
[Site "Lima"]
[Date "2004.??.??"]
[Round "?"]
[White "Sierra, Miguel"]
[Black "Retamozo, Henry"]
[Result "1/2-1/2"]
[WhiteElo "2260"]
[BlackElo "2236"]
[PlyCount "93"]
[EventDate "2004.??.??"]
[EventType "tourn"]
[EventRounds "8"]
[EventCountry "PER"]
[SourceTitle "EXT 2007"]
[Source "ChessBase"]
[SourceDate "2006.11.23"]
[SourceVersion "1"]
[SourceVersionDate "2006.11.23"]
[SourceQuality "1"]

1. b3 c5 2. Bb2 Nc6 3. c4 d6 4. g3 Nf6 5. Bg2 e6 6. e3 Be7 7. Ne2 Bd7 8. 0-0 h5 9. d4 h4 10. Nbc3 hxg3 11. hxg3 Qa5 12. d5 Ne5 13. dxe6 fxe6 14. Ne4 Nxe4 15. Bxe4 0-0-0 16. Bxe5 dxe5 17. Qe1 Qa6 18. Kg2 Bc6 19. Nc3 Rd3 20. f3 Bxe4 21. Nxe4 Rhd8 22. Rf2 Qa3 23. Re2 b6 24. Qh1 Kb7 25. Rb1 a5 26. Qc1 Qxc1 27. Rxc1 a4 28. bxa4 Ra3 29. Rh1 Rd7 30. Rh5 Bf6 31. Rh8 Rxa4 32. Re8 Be7 33. Rg8 Bd8 34. Re8 Rxc4 35. Rxe6 Bc7 36. Rb2 Rc1 37. a4 Kc8 38. Rc6 Kd8 39. a5 bxa5 40. Nxc5 Ke7 41. Rb7 Rc2+ 42. Kh3 e4 43. Rcxc7 Rxc7 44. Rxc7+ Kd6 45. Rd7+ Kc6 46. Rxg7 Rxc5 47. fxe4 1/2-1/2

[Event "Lima 1st qual op"]
[Site "Lima"]
[Date "2002.??.??"]
[Round "7"]
[White "Ledesma, Otoniel"]
[Black "Retamozo, Henry"]
[Result "0-1"]
[WhiteElo "2260"]
[BlackElo "2201"]
[PlyCount "58"]
[EventDate "2002.03.01"]
[EventType "swiss"]
[EventRounds "9"]
[EventCountry "PER"]
[SourceTitle "CBM 087 Extra"]
[Source "ChessBase"]
[SourceDate "2002.05.03"]
[SourceVersion "2"]
[SourceVersionDate "2002.08.09"]
[SourceQuality "1"]

1. c4 Nf6 2. Nc3 e6 3. d4 Bb4 4. Qc2 Nc6 5. Nf3 d6 6. a3 Bxc3+ 7. Qxc3 a5 8. Bg5 h6 9. Bh4 g5 10. Bg3 Ne4 11. Qd3 f5 12. e3 Qf6 13. Be2 0-0 14. h4 g4 15. Nd2 Nxd2 16. Qxd2 a4 17. f3 e5 18. fxg4 exd4 19. 0-0 dxe3 20. Qxe3 Qd4 21. Bf2 Qxe3 22. Bxe3 Re8 23. Kf2 fxg4 24. Bxh6 g3+ 25. Kxg3 Rxe2 26. Rf8+ Kh7 27. Raf1 Ne5 28. Bg5 b6 29. Re8 Rxg2+ 0-1

[Event "Lima 1st qual op"]
[Site "Lima"]
[Date "2002.??.??"]
[Round "8"]
[White "Lopez, Dante"]
[Black "Retamozo, Henry"]
[Result "0-1"]
[WhiteElo "2215"]
[BlackElo "2201"]
[PlyCount "104"]
[EventDate "2002.03.01"]
[EventType "swiss"]
[EventRounds "9"]
[EventCountry "PER"]
[SourceTitle "CBM 087 Extra"]
[Source "ChessBase"]
[SourceDate "2002.05.03"]
[SourceVersion "2"]
[SourceVersionDate "2002.08.09"]
[SourceQuality "1"]

1. d4 Nf6 2. c4 e6 3. Nc3 Bb4 4. e3 c5 5. Bd3 d5 6. Nf3 Nc6 7. 0-0 0-0 8. a3 Bxc3 9. bxc3 dxc4 10. Bxc4 Qc7 11. Qe2 e5 12. h3 Re8 13. Bb5 exd4 14. cxd4 cxd4 15. Bxc6 bxc6 16. Nxd4 c5 17. Qc2 Qe5 18. Nb3 Ne4 19. f3 Ng3 20. Re1 Rb8 21. Bd2 Rb6 22. Rac1 c4 23. Qxc4 Bxh3 24. Qf4 Qxf4 25. exf4 Rxe1+ 26. Rxe1 Be6 27. Nd4 h5 28. Nxe6 fxe6 29. Be3 Ra6 30. Bc5 Kf7 31. Rb1 h4 32. Rb7+ Kg6 33. Rxa7 Rc6 34. Ra5 Ne2+ 35. Kh2 Nxf4 36. g3 Nd3 37. Ba7 e5 38. gxh4 Kf5 39. Kg3 Rg6+ 40. Kh2 Kf4 41. Rb5 Kxf3 42. Rb3 e4 43. a4 Rh6 44. a5 g5 45. Bb6 g4 46. a6 Rc6 47. a7 Rc2+ 48. Kh1 Rc1+ 49. Bg1 Ra1 50. h5 g3 51. Rc3 Ra5 52. h6 g2+ 0-1

[Event "Lima 1st"]
[Site "Lima"]
[Date "2002.??.??"]
[Round "6"]
[White "Oblitas Guerrero, Carlomagno"]
[Black "Retamozo, Henry"]
[Result "1/2-1/2"]
[WhiteElo "2404"]
[BlackElo "2201"]
[PlyCount "110"]
[EventDate "2002.03.11"]
[EventType "tourn"]
[EventRounds "11"]
[EventCountry "PER"]
[EventCategory "3"]
[SourceTitle "CBM 087 Extra"]
[Source "ChessBase"]
[SourceDate "2002.05.03"]
[SourceVersion "2"]
[SourceVersionDate "2002.08.09"]
[SourceQuality "1"]

1. d4 Nf6 2. Nf3 d5 3. c4 c6 4. Nc3 g6 5. cxd5 cxd5 6. Bf4 Nc6 7. e3 Bg7 8. Be2 0-0 9. 0-0 Bf5 10. Qb3 Na5 11. Qa4 a6 12. Rfc1 b5 13. Qd1 Nc4 14. b3 Nd6 15. Ne5 Rc8 16. a4 b4 17. Na2 a5 18. Nc6 Qc7 19. Ncxb4 Qb6 20. Nd3 Bxd3 21. Bxd3 Nfe4 22. Rab1 g5 23. Be5 f6 24. Bxd6 Nxd6 25. Nc3 e6 26. Qg4 Rce8 27. Nb5 Re7 28. Qg3 Nxb5 29. axb5 h6 30. Rc6 Qd8 31. Rbc1 f5 32. Qd6 Qxd6 33. Rxd6 Kf7 34. b6 Rb8 35. Rc7 Bf8 36. Rdc6 Kf6 37. Rxe7 Kxe7 38. Ba6 Kd7 39. Rc7+ Kd8 40. Rc6 Kd7 41. Bb5 Bb4 42. Kf1 Ke7 43. Ke2 Bd6 44. h3 h5 45. f3 g4 46. hxg4 hxg4 47. Kd3 gxf3 48. gxf3 Rd8 49. b7 Rb8 50. Ba6 Kd7 51. Rc8 Bc7 52. e4 fxe4+ 53. fxe4 dxe4+ 54. Kxe4 Kc6 55. Bc4 Kxb7 1/2-1/2